| 000 | 00852nam a2200265 a 4500 | ||
|---|---|---|---|
| 008 | |||
| 020 | _a0520214749 (pbk.) | ||
| 049 | _aMAIN | ||
| 090 | _aHF1359 | ||
| 100 | 1 | _aFrank, Andre Gunder. | |
| 245 | 1 | 0 |
_aReOrient : _bglobal economy in the Asian Age / _cAndre Gunder Frank. |
| 260 |
_aBerkeley : _bUniversity of California Press, _cc1998. |
||
| 300 |
_axxix, 416 p. : _bmaps ; _c24 cm. |
||
| 504 | _aIncludes bibliographical references: p. 361-387. | ||
| 500 | _aIncludes index. | ||
| 650 | 0 |
_aInternational economic relations _xHistory. |
|
| 650 | 0 |
_aCapitalism _xHistory. |
|
| 650 | 0 |
_aCompetition, International _xHistory. |
|
| 650 | 0 | _aEconomic history. | |
| 907 |
_a.b1002945x _b22-07-03 _c17-04-03 |
||
| 003 | |||
| 005 | 20230123133148.0 | ||
| 040 | _cNUST | ||
| 942 |
_cBOOKS _kHF1359 |
||
| 999 |
_c143796 _d143796 |
||